000 00588nam a2200205Ia 4500
005 20260114185900.0
008 008 260114s9999 xx 000 0 eng d
020 _a9781509938087
037 _aEBOOK
040 _aCRL
_beng
_cCRL
041 _aeng
_2eng
084 _qCRL
100 _aRonan Cormacain
_9875609
245 4 _aThe Form of Legislation and the Rule of Law
260 _bBloomsbury
_c2022
650 _aLaw
_9875610
856 _uhttps://doi.org/10.5040/9781509938087?locatt=label:secondary_bloomsburyCollections
942 _cEBOOK
999 _c1474456
_d1474456